Europe Ranked by Democracy Index - Statistics

General Stats
  • This quiz has been taken 173 times
  • The average score is 26 of 41
Answer Stats
Country Ranking Regime Type % Correct
Norway 9.81 Full Democracy
100%
Iceland 9.37 Full Democracy
96%
Sweden 9.26 Full Democracy
95%
Finland 9.20 Full Democracy
94%
Denmark 9.15 Full Democracy
93%
Ireland 9.05 Full Democracy
89%
Netherlands 8.86 Full Democracy
88%
Switzerland 8.83 Full Democracy
87%
Germany 8.67 Full Democracy
84%
Austria 8.16 Full Democracy
83%
Spain 8.12 Full Democracy
82%
Luxembourg 8.68 Full Democracy
81%
United Kingdom 8.54 Full Democracy
81%
France 7.99 Flawed Democracy
78%
Portugal 7.90 Flawed Democracy
73%
Italy 7.74 Flawed Democracy
66%
Estonia 7.84 Flawed Democracy
64%
Belarus 2.59 Authoritarian
61%
Russia 3.31 Authoritarian
60%
Czech Republic 7.67 Flawed Democracy
59%
Malta 7.68 Flawed Democracy
55%
Slovenia 7.54 Flawed Democracy
55%
Greece 7.39 Flawed Democracy
54%
Belgium 7.51 Flawed Democracy
51%
Bosnia and Herzegovina 4.84 Hybrid Regime
51%
Hungary 6.56 Flawed Democracy
49%
Latvia 7.24 Flawed Democracy
49%
Lithuania 7.13 Flawed Democracy
49%
Poland 6.85 Flawed Democracy
49%
Slovakia 6.97 Flawed Democracy
49%
Serbia 6.22 Flawed Democracy
48%
Albania 6.08 Flawed Democracy
47%
Croatia 6.50 Flawed Democracy
47%
Ukraine 5.81 Hybrid Regime
47%
Bulgaria 6.71 Flawed Democracy
46%
Montenegro 5.77 Hybrid Regime
46%
Romania 6.40 Flawed Democracy
46%
North Macedonia 5.89 Hybrid Regime
45%
Cyprus 7.56 Flawed Democracy
43%
Moldova 5.78 Hybrid Regime
43%
Turkey 4.48 Hybrid Regime
42%
No matching quizzes found
Score Distribution
Percent of People with Each Score
Percentile by Number Answered
Your Score History
You have not taken this quiz